| 000 | 01675nam a2200373 c 4500 | ||
|---|---|---|---|
| 003 | BLK | ||
| 005 | 20180420225238.0 | ||
| 008 | 180408b bul|||||r ||||||| ||bul|| | ||
| 010 | _aKNG00094996000 | ||
| 040 | _aBLK | ||
| 041 |
_aENG _cENG |
||
| 080 |
_aВътрешна политика. Вж и 329 _b323 _x(73)(091) _z323(73)(091) |
||
| 080 |
_aКонституции. Законодателни събрания. Народни събрания _b342.4 _x(73)(091) _z342.4(73)(091) |
||
| 080 |
_aСъдоустройство. Организация на съдилищата - съдебен език, компетенция на съдилищата, видове съдълища:Конституционен, върховен, апелационен, касационен, от първа и втора инстанция, окръжен, гр _b347.97/.99 _x(73)(091) _z347.97/.99(73)(091) |
||
| 700 | 1 |
_aTargonski, Rosalie _eed. by _925913 |
|
| 139 |
_aOutline of U. S. Government _bO 93 |
||
| 245 | 1 | 0 |
_aOutline of U. S. Government _ced. by Rosalie Targonski. |
| 257 | _aUSA | ||
| 260 |
_аWashington _bU. S. Department of State _c2000 |
||
| 300 |
_a26 с. _bс ил. _c20 см |
||
| 380 | _a3 | ||
| 650 | 4 |
_aВътрешна политика - САЩ _9266269 |
|
| 650 | 4 |
_aКонституции - САЩ _9287064 |
|
| 651 | 4 |
_aСАЩ _9179493 |
|
| 653 | _aвътрешна политика | ||
| 653 | _aполитически отношения | ||
| 653 | _aконституции | ||
| 653 | _aправо | ||
| 852 | _aЦб 247436 | ||
| 856 | 4 |
_qpdf _u |
|
| 856 | 4 |
_qpdf _u |
|
| 942 |
_cKNG _n0 |
||
| 944 |
_aCR _c24.03.2010 _lф / _kГеновева_Генчева |
||
| 944 |
_aED _c27.03.2010 _lф / _k |
||
| 999 |
_c90258 _d90258 |
||